000 00763nam a2200205 a 4500
001 000041620
005 20201002035654.0
008 131014s1992 sp 001 0 spa d
020 _a8487699480
040 _aDO-SdBNP
_bspa
_cBNPHU
245 0 0 _aFilosofía iberoamericana en la época del encuentro :
_b /
_cedición de Laureano Robles.
260 _aMadrid :
_bConsejo Superior de Investigaciones Científicas,
_c1992.
300 _a420 p. ;
_c24 cm.
490 1 _aEnciclopedia Iberoaméricana de Filosofía
_v1
500 _aIncluye índice
504 _aBibliografía : 399-407
700 1 _aRobles, Laureano
_eed.
_968401
710 2 _aConsejo Superior de Investigaciones Científicas
_94786
830 0 _aEnciclopedia Iberoaméricana de Filosofía
_v1
_915735
999 _c41110
_d41110